000 00329nam a2200133 i 4500
001 bg
100 1 _aKUZNECOV, E. S.
245 0 _aTechniceskoe obsluzivanie i nadeznost avtomobilej /
_cE.S. Kuznecov.
260 _aMoskva,
_c1972.
040 _cBPK
041 _apol
942 _cKS
008 s pl f |000 0 pol
999 _c15384
_d15384
856 _uhttp://koha.tu.koszalin.pl/cgi-bin/koha/opac-detail.pl?biblionumber=15384
_yKatalog online BPK